|
|
|
|
| LEADER |
00000cam a2200000 7i4500 |
| 001 |
0000001659 |
| 005 |
20011001.0 |
| 090 |
0 |
0 |
|a 631.581098
|b WAT 1971
|
| 100 |
1 |
0 |
|a WATTERS
|h Raymond Frederick
|
| 245 |
1 |
0 |
|a Shifting cultivation in Latin America
|c by R.F. Watters
|
| 260 |
0 |
0 |
|a Rome :
|b Food and Agriculture Organisation of the United Nations ,
|c 1971
|
| 300 |
|
|
|a x,305 p. :
|b ill., maps ;
|c 23 cm.
|
| 440 |
0 |
0 |
|a FAO forestry development paper; n. 17
|
| 500 |
0 |
0 |
|a Bibliography, p.300-302
|
| 650 |
0 |
0 |
|a Agriculture, Primitive
|z Central America
|
| 650 |
0 |
0 |
|a Fallowing
|
| 710 |
1 |
1 |
|a Food and Agriculture Organization of the United Nations (FAO)
|
| 998 |
|
|
|a JPSM
|
| 999 |
|
|
|a 0000002685
|b Monograph
|c Open Shelf
|e Default branch
|